Desarrollo de una aplicación web para el aprendizaje sobre temas de educación sexual y reproductiva, implementando un chatbot dirigido a la población estudiantil de la Corporación Universitaria Rafael Núñez / (Registro nro. 5972)
[ vista simple ]
| 000 -LEADER | |
|---|---|
| fixed length control field | 03197nam a2200301 i 4500 |
| 005 - DATE AND TIME OF LATEST TRANSACTION | |
| control field | 20250329165509.0 |
| 007 - PHYSICAL DESCRIPTION FIXED FIELD--GENERAL INFORMATION | |
| fixed length control field | ta |
| 008 - FIXED-LENGTH DATA ELEMENTS--GENERAL INFORMATION | |
| fixed length control field | 180125s2023 000 0 eng d |
| 040 ## - CATALOGING SOURCE | |
| Original cataloging agency | CO-CtgCURN |
| Language of cataloging | spa |
| Transcribing agency | coctgcurn |
| Description conventions | rda |
| 082 0# - DEWEY DECIMAL CLASSIFICATION NUMBER | |
| Classification number | TSI 2023 |
| Item number | B456 |
| 100 1# - MAIN ENTRY--PERSONAL NAME | |
| Personal name | Benavides Ramírez, Andrés Felipe, |
| Relator term | author. |
| Relationship | aut |
| 245 10 - TITLE STATEMENT | |
| Title | Desarrollo de una aplicación web para el aprendizaje sobre temas de educación sexual y reproductiva, implementando un chatbot dirigido a la población estudiantil de la Corporación Universitaria Rafael Núñez / |
| Statement of responsibility, etc. | Andrés Felipe Benavides Ramírez; Greys David Polo Páez; directores: Jairo Acosta Solano; Leisly Sofía Beleño Pinedo. |
| 260 ## - PUBLICATION, DISTRIBUTION, ETC. | |
| Place of publication, distribution, etc. | Cartagena de Indias : |
| Name of publisher, distributor, etc. | Corporación Universitaria Rafael Núñez, |
| Date of publication, distribution, etc. | 2023. |
| 260 #1 - PUBLICATION, DISTRIBUTION, ETC. | |
| Place of publication, distribution, etc. | Cartagena de Indias : : |
| Name of publisher, distributor, etc. | Corporación Universitaria Rafael Nuñez,, |
| Date of publication, distribution, etc. | 2023. |
| 300 ## - PHYSICAL DESCRIPTION | |
| Extent | 79 páginas : |
| Other physical details | ilustrado diagramas. |
| 336 ## - CONTENT TYPE | |
| Content type term | text |
| Content type code | txt |
| Source | rdacontent |
| 337 ## - MEDIA TYPE | |
| Media type term | unmediated |
| Media type code | n |
| Source | rdamedia |
| 338 ## - CARRIER TYPE | |
| Carrier type term | volume |
| Carrier type code | nc |
| Source | rdacarrier |
| 502 ## - DISSERTATION NOTE | |
| Dissertation note | Trabajo de Grado. (Tecnologo en Sistemas de Informacion y Software). Corporación Universitaria Rafael Nuñez . Facultad de Ingeniería de Sistemas . Programa de Tecnología en Sistemas de Informacion y Software, 2023. |
| 520 ## - SUMMARY, ETC. | |
| Summary, etc. | "En el desarrollo de este proceso se presentan unos cambios representativos en las y los jóvenes en el desarrollo biológico, psíquico y emocional, siendo determinantes las primeras prácticas sexuales en las conductas que se asumirán en las etapas posteriores de la vida, a esto se le suma que los padres y maestros tienen dificultades para abordar el tema de la sexualidad y reproducción en espacios como el hogar y los centros educativos. Como resultado de lo anterior, los jóvenes universitarios se ven abocados a ejercer su sexualidad de acuerdo con lo que aprenden en otros contextos, aumentando la incidencia de comportamientos de riesgo que les perjudican.La educación sexual es necesaria y el problema va más allá del acceso a la información, se requiere de una estrategia que empodere a la población y promueva la autogestión de su salud sexual y reproductiva, trabajando en el rompimiento de barreras, tabúes y miedos de los jóvenes frente al tema. Es un aspecto fundamental para la salud y el bienestar generales de las personas, las parejas y las familias, así como para el desarrollo económico y social de las comunidades y los países. La salud sexual, considerada afirmativamente, requiere un enfoque positivo y respetuoso de la sexualidad y las relaciones sexuales, así como la posibilidad de tener experiencias sexuales placenteras y seguras, sin coerción, discriminación ni violencia.." |
| 650 #0 - SUBJECT ADDED ENTRY--TOPICAL TERM | |
| Topical term or geographic name entry element | Sistemas de Informacion y Software |
| Form subdivision | Tesis y Disertaciones Academicas. |
| 700 1# - ADDED ENTRY--PERSONAL NAME | |
| Personal name | Polo Páez, Greys David. |
| 700 1# - ADDED ENTRY--PERSONAL NAME | |
| Personal name | Acosta Solano, Jairo, |
| Titles and other words associated with a name | director. |
| 700 1# - ADDED ENTRY--PERSONAL NAME | |
| Personal name | Beleño Pinedo, Leisly Sofía, |
| Titles and other words associated with a name | director. |
| 856 7# - ELECTRONIC LOCATION AND ACCESS | |
| Uniform Resource Identifier | <a href="https://unicurn.sharepoint.com/:b:/s/biblioteca/EeLkeX7oGeNDrRg3Mb20r7sBgygyplPm4W_NP6paP5PZKg?e=CH2FdM">https://unicurn.sharepoint.com/:b:/s/biblioteca/EeLkeX7oGeNDrRg3Mb20r7sBgygyplPm4W_NP6paP5PZKg?e=CH2FdM</a> |
| Public note | Aqui el texto completo del recurso |
| 942 ## - ADDED ENTRY ELEMENTS (KOHA) | |
| Institution code [OBSOLETE] | MHC |
| -- | MHC |
| Koha item type | Trabajos de grado |
| Source of classification or shelving scheme | Dewey Decimal Classification |
| Classification part | TSI 2023 |
| Item part | B456 |
| Withdrawn status | Lost status | Damaged status | Not for loan | Collection | Home library | Current library | Shelving location | Date acquired | Cost, normal purchase price | Inventory number | Total checkouts | Full call number | Barcode | Date last seen | Price effective from | Koha item type |
|---|---|---|---|---|---|---|---|---|---|---|---|---|---|---|---|---|
| Trabajos de grado | Miguel Henríquez Castañeda | Miguel Henríquez Castañeda | Trabajo de grado | 06/14/2019 | 35000.00 | 024998 | TSI 2023 B456 | 024998 | 02/18/2022 | 02/18/2022 | Trabajos de grado |